| 000 | 01934cam a2200457 a 4500 | ||
|---|---|---|---|
| 999 |
_c529712 _d529712 |
||
| 001 | 2145599 | ||
| 003 | NUST | ||
| 005 | 20191002100750.0 | ||
| 008 | 981005s1998 dcua b f000 0 eng c | ||
| 010 | _a 98067629 | ||
| 020 | _a0309068169 | ||
| 035 | _a(OCoLC)39960005 | ||
| 038 | _aMSOHAIL | ||
| 040 |
_aGAT _cGAT _dNmU _dDLC |
||
| 042 | _apcc | ||
| 043 | _an-us--- | ||
| 050 | 0 | 4 |
_aHE355.3.T64 _bS66 1998 |
| 082 | _a0 | ||
| 100 | 1 |
_aSpock, Linda M. _922290 |
|
| 245 | 1 | 0 |
_aTolling practices for highway facilities / _cLinda M. Spock. |
| 260 |
_aWashington, D.C. : _bNational Academy Press, _c1998. |
||
| 300 |
_a54 p. : _bill. ; _c28 cm. |
||
| 440 | 0 |
_aSynthesis of highway practice ; _v262 _922291 |
|
| 500 | _aAt head of title: National Cooperative Highway Research Program. | ||
| 500 | _a"Transportation Research Board, National Research Council." | ||
| 500 | _a"Research sponsored by the American Association of State Highway and Transportation Officials in cooperation with the Federal Highway Administration." | ||
| 500 | _a"This study was managed by Sally D. Liff"--Acknowledgements. | ||
| 504 | _aIncludes bibliographical references (p. 46-48). | ||
| 650 | 0 |
_aToll roads _zUnited States. _922292 |
|
| 650 | 0 |
_aToll roads _zUnited States _xFinance. _921623 |
|
| 650 | 0 |
_aRoads _zUnited States _xFinance. _921754 |
|
| 700 | 1 |
_aLiff, Sally D. _q(Sally Diane) _922293 |
|
| 710 | 2 |
_aNational Cooperative Highway Research Program. _920864 |
|
| 710 | 2 |
_aNational Research Council (U.S.). _bTransportation Research Board. _922294 |
|
| 710 | 2 |
_aAmerican Association of State Highway and Transportation Officials. _919553 |
|
| 710 | 2 |
_aUnited States. _bFederal Highway Administration. _920149 |
|
| 906 |
_a7 _bcbc _cpccadap _d2 _eopcn _f19 _gy-gencatlg |
||
| 942 |
_2ddc _cBK |
||